000 01059cam a22003374a 4500
001 5543
003 FISKH
005 20241217114038.0
008 090724s2010 nyu c 000 1 eng
010 _a 2009027035
020 _a9780399252150
040 _aDLC
_cDLC
_beng
050 _aPZ7.M76342
082 _a560
100 1 _aMontalbano, Andrea.
245 1 0 _aBreakaway /
_cAndrea Montalbano.
246 3 _aBreak away
250 _aFirst Scholastic printing, May 2011
260 _aNew York :
_bScholastic,
_c2010.
300 _a202 pages :
_b20 cm
505 _aR
520 _aWhen seventh-grade soccer star LJ befriends Tabitha, who could not be more different from her, LJ learns to curb her competitive nature, which has been slowly alienating her friends.
521 8 _a710
_bLexile
521 8 _aR
_bRaz-Plus
650 1 _aTeamwork (Sports)
_vFiction.
650 1 _aSoccer
_vFiction.
650 1 _aFamily life
_vFiction.
906 _a7
_bcbc
_corignew
_d1
_eecip
_f20
_gy-gencatlg
942 _2ddc
_cBK
_n0
999 _c5543
_d5543